000 00479nam a2200193Ia 4500
003 OSt
005 20231212091851.0
008 210210b1987 xxu||||| |||| 00| 0 eng d
040 _cAL
041 _aHindi
082 _aH891.2 SHAP
100 _aSHARM (Ramgopal Dinesh).
_9145037
245 _aPratviraj.
_bपृथ्वीराज
260 _aJaypur
_bRajasthan Prakashan
_c1987
300 _a104
690 _aHindi Drama
_9145038
906 _a040050
942 _2ddc
_cBK
999 _c89862
_d89862